000 00761nam a22002177a 4500
008 090213t xxu||||| |||| 00| 0 eng d
010 _aENG-92957
020 _c180.00
_a9788189840396
035 _aEN-76490
037 _bDBAD / PUB
040 _adpl
_bEnglish
082 _a346.07
100 _aThirupathy, S.
245 _aBusiness law /
_cby S. Thirupathy
260 _aErode
_bPallavi Pathippagam
_c2008
270 _a194, Kanna Complex, Mettur Road,
_bChennai
_e11
300 _avi, 138p.
_c20cm (pbk)
650 _aBusiness law.
942 _2ddc
_cEN
_mTHI
_h346.07
999 _c23636
_d23636